Cole-Parmern Delivering Solution You Trust / (Record no. 478260)

000 -LEADER
fixed length control field 00423nam a22001457a 4500
005 - DATE AND TIME OF LATEST TRANSACTION
control field 20180427042251.0
008 - FIXED-LENGTH DATA ELEMENTS--GENERAL INFORMATION
fixed length control field 180427b ||||| |||| 00| 0 eng d
040 ## - CATALOGING SOURCE
Transcribing agency SMME
100 ## - MAIN ENTRY--PERSONAL NAME
Personal name Malik Scientific
9 (RLIN) 10264
245 ## - TITLE STATEMENT
Title Cole-Parmern Delivering Solution You Trust /
Statement of responsibility, etc. Malik Scientific
260 ## - PUBLICATION, DISTRIBUTION, ETC.
Place of publication, distribution, etc. United Kingdom :
Name of publisher, distributor, etc. Malik Scientific,
Date of publication, distribution, etc. 2012.
300 ## - PHYSICAL DESCRIPTION
Extent 2064 p. ;
Dimensions 27 cm.
500 ## - GENERAL NOTE
General note Paperback.
942 ## - ADDED ENTRY ELEMENTS (KOHA)
Source of classification or shelving scheme
Koha item type Book
Holdings
Withdrawn status Lost status Source of classification or shelving scheme Damaged status Not for loan Permanent Location Current Location Shelving location Date acquired Barcode Date last seen Price effective from Koha item type
          School of Mechanical & Manufacturing Engineering (SMME) School of Mechanical & Manufacturing Engineering (SMME) Book Bank 04/27/2018 SMME-BB310 04/27/2018 04/27/2018 Book
          School of Mechanical & Manufacturing Engineering (SMME) School of Mechanical & Manufacturing Engineering (SMME) Book Bank 04/27/2018 SMME-BB311 04/27/2018 04/27/2018 Book
© 2023 Central Library, National University of Sciences and Technology. All Rights Reserved.